Proyecto de seguro agricola para la provincia de mendoza (Registro nro. 28397)

Detalles MARC
000 -LEADER
fixed length control field 00401 a2200109 4500
001 - CONTROL NUMBER
control field ART_23126
005 - DATE AND TIME OF LATEST TRANSACTION
control field 20260410161929.0
008 - FIXED-LENGTH DATA ELEMENTS--GENERAL INFORMATION
fixed length control field 260409a
100 1# - MAIN ENTRY--PERSONAL NAME
Personal name Toranzos, Fausto I.
245 10 - TITLE STATEMENT
Title Proyecto de seguro agricola para la provincia de mendoza
773 0# - HOST ITEM ENTRY
Title Revista de la Facultad de Ciencias Económicas de la Universidad de Cuyo
Related parts - Año I, Nº 3 (ago./dic. 1949)
Record control number REV22981

No hay ítems disponibles.